000 00800na a2200241 4500
001 14016
003 MIRAKIL
005 20181213155220.0
008 160908b tu 000 0
035 _a14016
040 _aMilas
_btur
_cTR-AnCHP
082 _a923.1561 İnönü,İ.
_bİ75i 1999
090 _a923.1561 İnönü,İ. İ75 1999
245 _aİsmet İnönü'ye armağan
_cyayına hazırlayan Rahmi Kumaş
260 _aAnkara
_bBirleşmiş Milletler Türk Derneği
_c1999
300 _a267 s.
_c21 sm.
600 _aİnönü, İsmet
_d1884-1973
_xSiyaset ve yönetim
_xEğitim politikası
600 _aİnönü, İsmet
_d1884-1973
_xArmağan kitaplar
650 _aDevlet adamları
651 _aTürkiye
_xSiyaset ve yönetim
_y1923-1972
700 _aKumaş, Rahmi
942 _2dcc
_cBKS
999 _c8681
_d8681